Estatísticas para Todas as Línguas Românicas em um Mapa

Clique aqui para jogar o quiz

Estatísticas Gerais

  • Esse quiz foi jogado 6 621 vezes
  • A pontuação média é 8 de 27

Respostas no mapa

Respostas codificadas por cores de uma escala verde-vermelha no mapa do quiz de acordo com a % correta abaixo.
 

Estatísticas das Respostas

SubdivisãoDialectoL1Língua
ou dialecto
% Correto
Ibero-românica-489 miEspanhol
99%
Ibero-românica-250 miPortuguês
99%
Galo-românica-76 miFrancês
98%
Ítalo-dálmata-65 miItaliano
98%
Românica oriental-24 miRomeno
78%
Occitano-românica-4,0 miCatalão
73%
Ibero-românica-2,4 miGalego
52%
Sardo-1,3 miSardo
20%
Ítalo-dálmataItaliano4,7 miSiciliano
20%
Reto-românica-44 milRomanche
17%
Ítalo-dálmataItaliano5,7 miNapolitano
14%
Ibero-românica-15 milMirandês
13%
Occitano-românicaFrancês500 milOccitano
13%
Ítalo-dálmataItaliano3,8 miVêneto / veneziano
12%
Ibero-românicaEspanhol25 milAragonês
9%
Ítalo-dálmataItalian150 milCorso
9%
Galo-itálicaItaliano3,6 miLombardo
7%
Galo-românicaFrancês50 milNormando
7%
Galo-itálicaItaliano1,6 miPiemontês
6%
Galo-românicaFrancês600 milValão
5%
Galo-itálicaItaliano500 milLígure
4%
Galo-românicaFrancês200 milPicardo
4%
Românica oriental-114 milArromeno
3%
Galo-românicaFrancês140 milFranco-provençal
3%
Reto-românica-600 milFriulano
3%
Reto-românica-41 milLadino-dolomítico
3%
Ibero-românicaEspanhol200 milEstremenho
2%

Distribuição das Pontuações

Percentil de Números Respondidos

Porcentagem de Pessoas com Cada Pontuação

Sua Pontuação Histórica

Você não jogou esse quiz